000 00576nam a2200193Ia 4500
005 20250508160415.0
008 008 250505s9999 xx 000 0 eng d
037 _aDissertations
040 _aFEDL
_beng
_cFEDL
041 _aeng
_2eng
084 _a371.3, JIN/DI
_qFEDL
100 _aJindal Bishan Chandra
_9768418
245 0 _aStudy habits of the teacher trainees of central institute of education
260 _c1969
300 _a95p.
546 _aM.Ed. Dissertation (Delhi University)
942 _cDIS
_h371.3, JIN/DI
999 _c1364428
_d1364428